Fondo rotatorio: información básica a Comprando Juntos

Shranjeno v:
Bibliografske podrobnosti
Format: Knjiga
Jezik:španščina
Izdano: Santiago Programa de Economía del Trabajo 1994
Serija:Gestión en Comprando Juntos
Teme:
Oznake: Označite
Brez oznak, prvi označite!

MARC

LEADER 00000nam a2200000 a 4500
001 UCY3205
003 CL-VaPUC
008 941219e19940000CL |||||||||||||||||spa|d
082 0 4 |a 658.88  |b FON  |2 21 
245 1 0 |a Fondo rotatorio: información básica a Comprando Juntos 
300 |a 28 p 
942 |c BK 
945 |d 19941219 00:00:00  |a mfernand 
260 |a Santiago  |b Programa de Economía del Trabajo  |c 1994 
650 0 |a Administración de créditos  |9 331457 
650 7 |a ORGANIZACION DE LA COMUNIDAD  |2 CL-VaPUC  |9 316161 
651 7 |a CHILE  |2 CL-VaPUC  |9 331458 
583 |a last modification  |c 20170509 05:27:35  |k Rodrigo Vera 
490 0 |a Gestión en Comprando Juntos 
999 |c 231413  |d 231411 
952 |0 0  |1 0  |4 0  |6 658_880000000000000_FON_1994  |7 0  |8 A  |9 234647  |a BIBENE  |b BIBENE  |d 2019-11-15  |i 3043339  |o 658.88 FON 1994  |p 3043339  |r 2025-01-15  |w 2019-11-15  |y BK  |k ICO